| 000 | 00817nam a22002777a 4500 | ||
|---|---|---|---|
| 001 | BR7405841 | ||
| 003 | BR-BrBNA | ||
| 005 | 20230928084623.0 | ||
| 007 | ta | ||
| 008 | 230509b bl.||||| |||| 00| 0 por d | ||
| 040 |
_aBR-BrBNA _bpor _cBiblioteca Nacional de Agricultura |
||
| 041 | _a(Por) | ||
| 072 |
_aE30; L00 _b5212 _b/G514 |
||
| 090 | _ 5212 BR7405841 | ||
| 110 | 1 |
_aBanco de Desenvolvimento do Estado de Sao Paulo S.A., Sao Paulo (Brasil) _91086 |
|
| 245 | 1 | _aPrograma de acao para o desenvolvimento da pecuaria paulista [Brasil] | |
| 260 | 3 |
_aSao Paulo, SP (Brasil): _c1974. |
|
| 300 | _a144 p. | ||
| 500 | _a14 ref.; 42 tables | ||
| 650 | _aPROJETO DE DESENVOLVIMENTO | ||
| 650 | _aBOVINO | ||
| 650 | _aPECUARIA | ||
| 650 | _aSAO PAULO | ||
| 909 |
_a202309 _bLucia _c55 _dLucia Elande |
||
| 942 | _cBK | ||
| 999 |
_c20133 _d20133 |
||